01078nam a2200265Ia 4500001001200000003000800012006001900020007001500039008004100054020001800095040002100113035002100134050002200155100002000177245012400197260006600321300001700387533015200404650003100556650003600587655002900623710001700652856012600669999001700795ebr10273873CaPaEBRm u cr cn|||||||||090402s2009 enk s 000 0 eng d z9780335233595 aCaPaEBRcCaPaEBR a(OCoLC)64679376014aRS57b.H88 2009eb1 aHutton, Meriel.10aEssential calculation skills for nurses, midwives and healthcare practitionersh[electronic resource] /cMeriel Hutton. aMaidenhead, Berkshire, Eng. :bOpen University Press,cc2009. axiii, 151 p. aElectronic reproduction.bPalo Alto, Calif. :cebrary,d2009.nAvailable via World Wide Web.nAccess may be limited to ebrary affiliated libraries. 0aPharmaceutical arithmetic. 0aPharmacyxWeights and measures. 7aElectronic books.2local2 aebrary, Inc.40uhttp://site.ebrary.com/lib/rucke/Doc?id=10273873zAn electronic book accessible through the World Wide Web; click to view c21266d21266